00872nam a2200229 a 450000100100000000500170001000800410002702000150006804000250008308200180010810000280012624501600015426000640031430000210037850000430039950000630044250400320050565000260053765000240056365000210058770000340060800000836620240527191033.0090916s2005 dr 000 0 spa d a994585240X aDO-SdBNPbspacBNPHU a658.15bG165a1 aGarcía Amparo, Ismael10aAnálisis de estados financieros :bun buen punto de partida para tomar decisiones gerenciales /cIsmael García Amparo ; prólogo Daniel Molina Ossers. aSanto Domingo :bUniversidad Adventista Dominicana:,c2005. a212 p. ;c24 cm. aIncluye glosario e índice temático aIncluye datos biográficos del autor en la contracubierta aBibliografía : p. 195-197 4aAnálisis financiero 4aEstados financieros 0aAdministración1 aMolina Ossers, Daniel,eprol.